000 01128nam0a22003371 4500
001 RU\INFOCOMM_322\NLR\5000082075
005 20250613102659.0
035 _a(NLR Aleph) 009450216
090 _a8401022
_c8401022
100 _a20121203d1968 |||y0rusy50 ca
101 0 _aeng
102 _aRU
105 _ay z |||||
200 1 _aˆThe ‰structure of the English sentence
_eA practical course
_fN. F. Irtenyeva, A. P. Shapkin, M. Y. Blokh
210 _aM.
_d1968, [обл. 1969]
215 _a[3], 173 с.
_d19 см
300 _aПредисл. на рус. яз.
309 _aОтпеч. множит. аппаратом
620 _aМосква
686 _aЯ270-670
_2rubbk
700 1 _9z01790
_aIrten'eva
_bN. F.
_gNatalija Ferdinandovna
701 1 _9z02790
_aŠapkin
_bA. P.
_gAleksandr Prochorovič
701 1 _9z03790
_aBloch
_bM. J.
_gMark Jakovlevič
790 1 _9z01700
_aIrtenyeva
_bN. F.
_4070
790 1 _9z02701
_aShapkin
_bA. P.
_4070
790 1 _9z03701
_aBlokh
_bM. Y.
_4070
801 1 _aRU
_bNLR
_c20121203
801 0 _aRU
_bINFOCOMM
_gPSBO
852 _aNLR
_jЯ61 Д-3/47
942 _cBOOK
980 _aNB